000 00851nam a2200265 a 4500
999 _c116
_d116
005 20191224041512.0
008 140114b1979 ck ||||| |||| 00| 0 spa d
040 _aCO-BoIAVH
_cCO-BoIAVH
041 _aspa
044 _ack
090 _aIND-I
_b18
100 _aDijk, Kornelis van
245 _aCacay o Inchi (Caryodendron orinocense Karst) evaluación del estado de la investigación de la especie, perspectivas y propuestas para futuras investigaciones
260 _aBogotá
_bInderena
_c1979
300 _a78 páginas
650 1 4 _aProducción
650 1 4 _aPrioridades de investigación
650 1 4 _aTaxonomía
650 1 4 _aEcología
650 1 4 _aTecnología
650 1 4 _aPlagas
650 1 4 _aPropagación natural
650 1 4 _aVariedades vegetales
942 _cINFORME
_2z